Literary feminisms (Record no. 21383)

MARC details
000 -LEADER
fixed length control field 00445nam a2200169Ia 4500
008 - FIXED-LENGTH DATA ELEMENTS--GENERAL INFORMATION
fixed length control field 230917s9999||||xx |||||||||||||| ||und||
020 ## - ISBN
Price RS545
040 ## - CATALOGING SOURCE
-- 237981
Original cataloging agency VIVEKANANDA LIBRARY
041 ## - Language
-- English
082 ## - DDC NUMBER
Classification number 809.89287 R538L
100 ## - MAIN ENTRY--PERSONAL NAME
Personal name Robbins, Ruth
245 #0 - TITLE STATEMENT
Title Literary feminisms
260 ## - PUBLICATION, DISTRIBUTION, ETC. (IMPRINT)
Place of publication, distribution, etc New York
Name of publisher, distributor, etc Palgrave Publishers
Date of publication, distribution, etc 2017
300 ## - PHYSICAL DESCRIPTION
Pages xii, 290 p.
500 ## - GENERAL NOTE
General note 2608 13/02/2017 UBC17/7487 16/02/2017 Main Budget
942 ## - ADDED ENTRY ELEMENTS (KOHA)
Koha item type Books
Holdings
Withdrawn status Lost status Damaged status Not for loan Location (home branch) Sublocation or collection (holding branch) Date acquired Koha issues (times borrowed) Koha full call number Accession No. Koha date last seen Koha item type
        VIVEKANANDA LIBRARY VIVEKANANDA LIBRARY 04/05/2017 2 809.89287 R538L 361041 29/12/2025 Books
© Designed and Maintained by Vivekananda Library, MDU Rohtak